000 00449nam a2200181Ia 4500
001 2282
005 20260306143831.0
008 260306t2018||||xx |||||||||||||| ||spa||
041 _aESP
082 _a616.855
_bC33
100 _aCastellanos López, Miguel Ángel
_eAUT
245 0 _aMétodos de investigación en logopedia
260 _c2018
300 _a261 páginas :
_c22 cm.
650 _aGEN
654 _aCPS
942 _cLIB
_dJUS
_fJUS
_2ddc
_n
999 _c2282
_d2282